Witamy w Bibliotece Naukowej Instytutu Łączności!

Praktičeskoe rukovodstvo po Algolu 68 / (Rekord nr 10086)

000 -LEADER
fixed length control field 01120nam a2200301 i 4500
001 - CONTROL NUMBER
control field vtls002732420
003 - CONTROL NUMBER IDENTIFIER
control field NUKAT
005 - DATE AND TIME OF LATEST TRANSACTION
control field 20190530133438.0
008 - FIXED-LENGTH DATA ELEMENTS--GENERAL INFORMATION
fixed length control field 130128s1979 ru f |001 0 rusoc
035 ## - SYSTEM CONTROL NUMBER
System control number xx002732420
039 #9 - LEVEL OF BIBLIOGRAPHIC CONTROL AND CODING DETAIL [OBSOLETE]
Level of rules in bibliographic description 201404170638
Level of effort used to assign nonsubject heading access points kopul
Level of effort used to assign subject headings 201302050845
Level of effort used to assign classification vus
Level of effort used to assign subject headings 201302050104
Level of effort used to assign classification VLOAD
Level of effort used to assign subject headings 201302040944
Level of effort used to assign classification paku
040 ## - CATALOGING SOURCE
Original cataloging agency KAT U/TK
Transcribing agency KAT U/TK
Modifying agency KAT U/TKs
041 1# - LANGUAGE CODE
Language code of text/sound track or separate title rus
Language code of original and/or intermediate translations of text eng
100 1# - MAIN ENTRY--PERSONAL NAME
Personal name Pagan, Frank G.
240 10 - UNIFORM TITLE
Uniform title Practical guide to ALGOL 68
Language of a work (ros.)
245 10 - TITLE STATEMENT
Title Praktičeskoe rukovodstvo po Algolu 68 /
Statement of responsibility, etc F. Pejgan ; per. s angl. A. F. Rara ; pod red. A. P. Eršova.
260 ## - PUBLICATION, DISTRIBUTION, ETC. (IMPRINT)
Place of publication, distribution, etc Moskva :
Name of publisher, distributor, etc "Mir",
Date of publication, distribution, etc 1979.
300 ## - PHYSICAL DESCRIPTION
Extent 240 s. ;
Dimensions 22 cm.
490 1# - SERIES STATEMENT
Series statement Matematičeskoe Obespečenie ÈVM
504 ## - BIBLIOGRAPHY, ETC. NOTE
Bibliography, etc Bibliogr. s. 222-224. Indeksy.
650 ## - SUBJECT ADDED ENTRY--TOPICAL TERM
Topical term or geographic name as entry element ALGOL (język programowania).
700 1# - ADDED ENTRY--PERSONAL NAME
Personal name Rar, Aleksandr Fedorovič.
Relator term Tł.
700 1# - ADDED ENTRY--PERSONAL NAME
Personal name Eršov, Andrej Petrovič
Dates associated with a name (1931-1988).
Relator term Red.
830 #0 - SERIES ADDED ENTRY--UNIFORM TITLE
Uniform title Matematičeskoe Obespečenie ÈVM
942 ## - ADDED ENTRY ELEMENTS (KOHA)
Source of classification or shelving scheme
Koha item type Książki

Brak dostępnych egzemplarzy.

Działa dzięki Koha